Sports Quiz

Random Sports or NFL Quiz

NFL NFC Last 1000 Yard Rushers Quiz Stats

 Plays Quiz not verified by Sporcle

Score 0/80 Timer 07:00
0 Plays Today
Player % Correct
Adrian Peterson
98.3%
Adrian Peterson
98.3%
Adrian Peterson
98.3%
Emmitt Smith
97.7%
Emmitt Smith
97.7%
Emmitt Smith
97.7%
Emmitt Smith
97.7%
Frank Gore
97.6%
Frank Gore
97.6%
Frank Gore
97.6%
Frank Gore
97.6%
Steven Jackson
97.6%
Steven Jackson
97.6%
Steven Jackson
97.6%
Steven Jackson
97.6%
Steven Jackson
97.6%
Shaun Alexander
96.7%
Shaun Alexander
96.7%
Shaun Alexander
96.7%
Shaun Alexander
96.7%
Shaun Alexander
96.7%
DeAngelo Williams
96.3%
DeAngelo Williams
96.3%
Ricky Williams
96.3%
Cadillac Williams
96.3%
Tiki Barber
96.3%
Tiki Barber
96.3%
Clinton Portis
95.9%
Clinton Portis
95.9%
Clinton Portis
95.9%
Clinton Portis
95.9%
Brian Westbrook
95.7%
Brian Westbrook
95.7%
Ahman Green
94.7%
Ahman Green
94.7%
Ahman Green
94.7%
Michael Turner
94.2%
Brandon Jacobs
93.5%
Brandon Jacobs
93.5%
Thomas Jones
93.2%
Player % Correct
Thomas Jones
93.2%
Matt Forte
93%
Kevin Jones
93%
Deuce McAllister
93%
Deuce McAllister
93%
Deuce McAllister
93%
Deuce McAllister
93%
Julius Jones
93%
Ryan Grant
92.2%
Ryan Grant
92.2%
Warrick Dunn
91.9%
Warrick Dunn
91.9%
Warrick Dunn
91.9%
Warrick Dunn
91.9%
Warrick Dunn
91.9%
Barry Sanders
90.3%
Barry Sanders
90.3%
Jonathan Stewart
89.1%
James Stewart
88.9%
James Stewart
88.9%
Edgerrin James
88.5%
Edgerrin James
88.5%
Derrick Ward
77.6%
Chester Taylor
73.7%
Stephen Davis
71.6%
Michael Vick
71.3%
Duce Staley
68.5%
Duce Staley
68.5%
Duce Staley
68.5%
Anthony Thomas
65.5%
Anthony Thomas
65.5%
Ladell Betts
64.1%
Garrison Hearst
60.7%
Michael Bennett
49%
Kevan Barlow
40.3%
Anthony Johnson
37.9%
Errict Rhett
24.9%
Errict Rhett
24.9%
Adrian Murrell
21.2%
Ronald Moore
17.6%

You're not logged in!

Compare scores with friends on all Sporcle quizzes.
OR
Log In

Show Comments

Extras

Top Quizzes Today


Score Distribution

Your Account Isn't Verified!

In order to create a playlist on Sporcle, you need to verify the email address you used during registration. Go to your Sporcle Settings to finish the process.

Report this User

Report this user for behavior that violates our Community Guidelines.

Details: